Jazyková zručnosť - písanie

Písanie si vyžaduje viac sústredenosti ako ústna komunikácia. Študenti majú viac času na rozmýšľanie ako pri ústnej komunikácii. Majú dostatok času na pokojné premyslenie si témy, o ktorej chcú písať. Pri písaní si môžu pomôcť používaním slovníkov, gramatických príručiek, informáciami z internetu. P...

Descrizione completa

Salvato in:
Dettagli Bibliografici
Autore principale: Kočišová, Zuzana, 1956-
Natura: Capitolo di libro
Lingua:slovacco
Soggetti:
Tags: Aggiungi Tag
Nessun Tag, puoi essere il primo ad aggiungerne!!

MARC

LEADER 00000nla a2200000 4500
001 0200565
005 20240502073406.9
041 0 |a slo 
044 |a SK 
245 1 0 |a Jazyková zručnosť - písanie  |c Zuzana Kočišová 
520 |a Písanie si vyžaduje viac sústredenosti ako ústna komunikácia. Študenti majú viac času na rozmýšľanie ako pri ústnej komunikácii. Majú dostatok času na pokojné premyslenie si témy, o ktorej chcú písať. Pri písaní si môžu pomôcť používaním slovníkov, gramatických príručiek, informáciami z internetu. Písanie núti študentov, aby sa zamerali na správne pužívanie jazyka. 
610 2 0 |a vzdelávanie 
610 2 0 |a vyučovanie 
610 2 0 |a komunikácia 
610 2 0 |a jazyky cudzie 
610 2 0 |a zručnosti 
100 1 |a Kočišová, Zuzana, 1956-